|
|
|
|
| LEADER |
01039nam a2200253 a 4500 |
| 001 |
GR-Patra14266 |
| 008 |
971106s1998 nyu e b 001 b eng d |
| 020 |
|
|
|a 0387984089
|
| 040 |
|
|
|a GrPaTEI
|b gre
|c GR-PaULI
|
| 040 |
|
|
|a GrPaTEI
|b gre
|c GR-PaULI
|
| 040 |
|
|
|a GrPaTEI
|b gre
|c GR-PaULI
|
| 082 |
|
0 |
|a 519.4
|2 21
|
| 100 |
1 |
|
|a Kress, Rainer,
|d 1941-
|
| 245 |
1 |
0 |
|a Numerical analysis /
|c Rainer Kress.
|
| 260 |
|
|
|a New York :
|b Springer,
|c c1998
|
| 300 |
|
|
|a xii, 326 σ. :
|b εικ.
|
| 490 |
1 |
|
|a Graduate texts in mathematics ;
|v 181
|
| 504 |
|
|
|a Περιλαμβάνει βιβλιογραφικές παραπομπές (σ. [317]-321) και ευρετήριο.
|
| 650 |
|
0 |
|a NUMERICAL ANALYSIS
|
| 830 |
|
0 |
|1 00114268
|1 2001
|a Graduate texts in mathematics ;
|v 181
|
| 942 |
|
|
|2 ddc
|
| 952 |
|
|
|0 0
|1 0
|2 ddc
|4 0
|6 519_400000000000000_KRE
|7 0
|9 293226
|a LISK
|b LISK
|c BSC
|d 2021-01-17
|e 24
|f 0
|g 0.00
|l 0
|o 519.4 KRE
|p 92410018500
|r 2021-01-17 00:00:00
|t 1
|w 2021-01-17
|y BK15
|x 20010302 0 1
|x GrPaTEI
|
| 971 |
|
|
|a .b2661781x
|b 15-04-20
|c 23-09-16
|
| 999 |
|
|
|c 171412
|d 171412
|